[Event "Asia Cities-ch 15th"]
[Site "Tehran"]
[Date "2007.03.02"]
[Round "1.9"]
[White "Iz Aldeen, Khalid"]
[Black "Bakr, Jwan"]
[Result "0-1"]
[WhiteElo "1979"]
[BlackElo "2342"]
[PlyCount "57"]
[EventDate "2007.03.02"]
[EventType "team-swiss"]
[EventRounds "9"]
[EventCountry "IRI"]
[SourceTitle "EXT 2020"]
[Source "ChessBase"]
[SourceDate "2019.10.17"]
[SourceVersion "1"]
[SourceVersionDate "2019.10.17"]
[SourceQuality "1"]
[WhiteTeam "Al Quds (Jerusalem)"]
[BlackTeam "Aleppo"]
[WhiteTeamCountry "PLE"]
[BlackTeamCountry "SYR"]

1. d4 Nf6 2. Nf3 g6 3. Bf4 Bg7 4. h3 0-0 5. e3 d6 6. Bd3 c5 7. c3 Nc6 8. Nbd2 e5 9. Bg5 exd4 10. cxd4 cxd4 11. Nxd4 Nxd4 12. exd4 Re8+ 13. Be2 Qa5 14. Bxf6 Bxf6 15. 0-0 Qb6 16. Nb3 a5 17. Bc4 a4 18. Qf3 d5 19. Bxd5 axb3 20. axb3 Rxa1 21. Rxa1 Kg7 22. Rd1 Re7 23. Qc3 Be6 24. Bc4 Rd7 25. Bxe6 Qxe6 26. g4 Qd5 27. Qg3 Bxd4 28. Rd2 Qc5 29. Qf3 0-1